Sports Quiz

Random Sports or NCAA Quiz

UNC Tar Heel victories in the NCAA Tournament Quiz Stats

 Plays Quiz not verified by Sporcle

Challenge
Share
Tweet
Embed
Score 0/75 Timer 10:00
0 Plays Today
School % Correct
Michigan
95.8%
Michigan State
94.2%
Kansas
89.4%
Kentucky
88.4%
Illinois
84.5%
Oklahoma
80.6%
Villanova
79.7%
Georgetown
79.7%
UCLA
79%
Washington
76.5%
Arkansas
75.8%
Ohio State
75.8%
Wisconsin
74.8%
Syracuse
74.5%
Virginia
74.2%
Alabama
73.9%
Louisville
72.3%
USC
72.3%
LSU
71.6%
Washington State
67.7%
UConn
67.7%
Utah
65.8%
Iowa State
65.2%
Kansas State
64.8%
Pennsylvania
64.2%
Tennessee
63.9%
Marquette
63.5%
California
63.5%
Gonzaga
63.2%
Stanford
63.2%
Missouri
62.9%
UNLV
62.3%
Auburn
61.9%
Colorado
61.6%
Cincinnati
60%
Notre Dame
58.7%
Purdue
58.1%
Houston
55.8%
School % Correct
Boston College
55.8%
Princeton
55.5%
Temple
52.9%
South Carolina
51.6%
Miami (Ohio)
46.5%
Air Force
46.1%
Davidson
44.2%
Tulsa
43.9%
Pittsburgh
39.7%
Rhode Island
39%
Yale
36.8%
Navy
36.8%
New Mexico State
35.8%
Radford
35.2%
UAB
32.6%
East Carolina
31.6%
Southern
31%
Charlotte
30.6%
Eastern Michigan
29.7%
Oakland
29%
Loyola Marymount
28.4%
Long Island
28.1%
Murray St
27.1%
James Madison
25.8%
Liberty
23.9%
Eastern Kentucky
22.9%
NYU
20.6%
Missouri State
17.1%
Fairfield
16.1%
Mount St Mary's
15.8%
New Orleans
15.2%
Northeastern
14.5%
Canisius
14.5%
North Texas
14.2%
Duquesne
14.2%
St Bonaventure
13.2%
Middle Tennessee State
10.3%

You're not logged in!

Compare scores with friends on all Sporcle quizzes.
Join for Free
OR
Log In

You Might Also Like...

Show Comments

Extras

Top Quizzes Today


Score Distribution

Your Account Isn't Verified!

In order to create a playlist on Sporcle, you need to verify the email address you used during registration. Go to your Sporcle Settings to finish the process.

Report this User

Report this user for behavior that violates our Community Guidelines.

Details: